000 00598nam a22002177a 4500
003 UA-OsUOA
001 60996
007 ta
008 20090615b un ||||| |||| 00| 0 ukr d
100 _aТовста Т.Л.
090 _a330(477)
_bТ50
942 _cSA
040 _aUA-OsUOA
_bukr
_cUA-OsUOA
_dUA-OsUOA
245 _aІнвестиційний фактор розвитку харчової промисловості України
300 _aС.16-20
955 _a0
041 _aukr
080 _a330(477)
773 0 _w60995
650 7 _a330 Економіка взагалі
_2UDC
999 _c347305
_d347305